Copulantes

Сохранить в:
Библиографические подробности
Главный автор: Catalá, Rafael
Формат:
Язык:Undetermined
Опубликовано: Minneapolis, Estados Unidos Prisma Books 1986
Предметы:
Метки: Добавить метку
Нет меток, Требуется 1-ая метка записи!

MARC

LEADER 00000nam a2200000Ia 4500
008 170316s9999 xx 000 0 und d
040 |a cru BVZT 
090 |a 860 C-29.1co 
100 |a Catalá, Rafael 
245 |a Copulantes 
260 |a Minneapolis, Estados Unidos 
260 |b Prisma Books 
260 |c 1986 
300 |a 77 páginas 
650 |a LITERATURA LATINOAMERICANA 
650 |a POESÍAS 
999 |c 8518  |d 8518 
942 |c 15 D  |h 860 C-29.1co  |2 z